| 000 | 00662nam a2200181Ia 4500 | ||
|---|---|---|---|
| 008 | 100921s9999 xx 000 0 und d | ||
| 082 |
_b32565 _a891.461 थ 97 |
||
| 100 | _aकुसुमाग्रज (शिरवाडकर वि.वा.). | ||
| 245 | _aवादळवेल. | ||
| 260 |
_bकाँन्टीनेंटल बुक सर्व्हीस,पुणे. _c1997 |
||
| 300 |
_a168 _bजयेश एजन्सी,पुणे. |
||
| 365 | _b40 | ||
| 520 | _aललित-काव्य. | ||
| 630 | _aवादळवेल. | ||
| 650 | _aललित-काव्य. | ||
| 730 | _aवादळवेल. | ||
| 942 | _cBOOK | ||
| 999 |
_c781678 _d781675 |
||